El Capital: crítica de la economía política. El proceso global de la producción capitalista /
Salvato in:
| Autore principale: | |
|---|---|
| Altri autori: | , , |
| Natura: | Sconosciuto |
| Pubblicazione: |
México, D. F.:
Siglo XXI
|
| Tags: |
Aggiungi Tag
Nessun Tag, puoi essere il primo ad aggiungerne!!
|
MARC
| LEADER | 00000 a2200000 04500 | ||
|---|---|---|---|
| 001 | 25558 | ||
| 003 | |||
| 008 | 991231s d | ||
| 040 | |||
| 020 | |a 968-23-0916-6 | ||
| 022 | |a 968-23-0916-6 | ||
| 090 | |a 155106 | ||
| 100 | |a Marx, Carlos | ||
| 245 | |a El Capital: crítica de la economía política. El proceso global de la producción capitalista / |c Carlos Marx | ||
| 260 | |a México, D. F.: |b Siglo XXI | ||
| 300 | |a Tomo III vol. 8 | ||
| 500 | |a En este volumen se incluye notas del editor, índice bibliográfico, de nombres y de materias | ||
| 700 | |a Friedrich Engels | ||
| 700 | |a Scaron, Pedro | ||
| 700 | |a | ||
| 700 | |a Mames, León | ||
| 700 | |a | ||
| 999 | |c 15004 |d 15004 | ||



